Umbaraṭha. / (Record no. 82480)

MARC details
000 -LEADER
fixed length control field 00582cam a2200205 a 4500
001 - CONTROL NUMBER
control field sa 68008653
003 - CONTROL NUMBER IDENTIFIER
control field DLC
005 - DATE AND TIME OF LATEST TRANSACTION
control field 20260227112534.0
008 - FIXED-LENGTH DATA ELEMENTS--GENERAL INFORMATION
fixed length control field 980130s1960 ii 000 0 mar
010 ## - LIBRARY OF CONGRESS CONTROL NUMBER
LC control number sa 68008653
040 ## - CATALOGING SOURCE
Original cataloging agency DLC
Transcribing agency DLC
050 00 - LIBRARY OF CONGRESS CALL NUMBER
Classification number PK2418.M28
Item number U4
100 1# - MAIN ENTRY--PERSONAL NAME
Personal name Madgulkar, Vyankatesh Digambar,
Dates associated with a name 1927-
245 10 - TITLE STATEMENT
Title Umbaraṭha. /
Statement of responsibility, etc. [Lekhaka] Vyaṅkaṭeśa Māḍagūḷakara.
250 ## - EDITION STATEMENT
Edition statement [1. āvr̥tti]
260 ## - PUBLICATION, DISTRIBUTION, ETC.
Place of publication, distribution, etc. Muṃbaī :
Name of publisher, distributor, etc. Mauja Prakāśana Gr̥ha,
Date of publication, distribution, etc. [1960]
300 ## - PHYSICAL DESCRIPTION
Extent 168 p. ;
Dimensions 19 cm.
546 ## - LANGUAGE NOTE
Language note In Marathi.
500 ## - GENERAL NOTE
General note Short stories.

No items available.

Powered by Koha